UM Logo

The Northbound train : (Record no. 8006)

MARC details
000 -LEADER
fixed length control field 00695nam a22001817a 4500
008 - FIXED-LENGTH DATA ELEMENTS--GENERAL INFORMATION
fixed length control field 171208b xxu||||| |||| 00| 0 eng d
020 ## - INTERNATIONAL STANDARD BOOK NUMBER
International Standard Book Number 081440233
082 ## - DEWEY DECIMAL CLASSIFICATION NUMBER
Edition number 1994
Classification number DC 658.4012
Item number AL1n
100 ## - MAIN ENTRY--PERSONAL NAME
9 (RLIN) 24669
Personal name Albrecht, Karl,author.
245 ## - TITLE STATEMENT
Title The Northbound train :
Remainder of title finding the purpose, setting the direction, shaping the destiny of your organization /
Statement of responsibility, etc. Karl Albrecht.
260 ## - PUBLICATION, DISTRIBUTION, ETC. (IMPRINT)
Place of publication, distribution, etc. New York :
Name of publisher, distributor, etc. AMACOM,
Date of publication, distribution, etc. ©1994.
300 ## - PHYSICAL DESCRIPTION
Extent x, 213 pages :
Other physical details illustrations ;
Dimensions 24 cm.
500 ## - GENERAL NOTE
General note Includes bibliographical references and index..
650 #0 - SUBJECT ADDED ENTRY--TOPICAL TERM
9 (RLIN) 24670
Topical term or geographic name as entry element Organizational effectiveness.
650 #0 - SUBJECT ADDED ENTRY--TOPICAL TERM
9 (RLIN) 24671
Topical term or geographic name as entry element Strategic planning.
650 #0 - SUBJECT ADDED ENTRY--TOPICAL TERM
9 (RLIN) 24673
Topical term or geographic name as entry element Customer services.
942 ## - ADDED ENTRY ELEMENTS (KOHA)
Source of classification or shelving scheme Dewey Decimal Classification
Koha item type Circulation
Holdings
Withdrawn status Lost status Source of classification or shelving scheme Damaged status Not for loan Collection code Home library Current library Date acquired Source of acquisition Total Checkouts Full call number Barcode Date last seen Price effective from Koha item type
    Dewey Decimal Classification     Circulation UM Digos College - LIC UM Digos College - LIC 04/10/2008 Purchased   DC 658.4012 AL1n 1994 19457 05/15/2025 12/08/2017 Circulation